[Event "Rio de Janeiro Duchamp op 4th"]
[Site "Rio de Janeiro"]
[Date "2022.12.13"]
[Round "8"]
[White "Da Costa, Carlos Henrique Luz"]
[Black "Balcon, Alexis"]
[Result "1-0"]
[WhiteElo "1565"]
[BlackElo "1023"]
[PlyCount "33"]
[EventDate "2022.12.07"]
[EventType "swiss"]
[EventRounds "9"]
[EventCountry "BRA"]
[SourceTitle "EXT 2024"]
[Source "ChessBase"]
[SourceDate "2023.10.10"]
[SourceVersion "1"]
[SourceVersionDate "2023.10.10"]
[SourceQuality "1"]

1. d4 Nf6 2. Nf3 g6 3. Bg5 Bg7 4. Nbd2 d6 5. e3 0-0 6. c3 Bg4 7. Be2 Nc6 8. 0-0 Re8 9. h3 Bxf3 10. Nxf3 Qd7 11. Qc2 e6 12. Rfd1 Ne7 13. Bf4 Qc8 14. e4 Nh5 15. Bh2 Bh6 16. e5 Nf5 17. g4 1-0

[Event "Rio de Janeiro Duchamp op 4th"]
[Site "Rio de Janeiro"]
[Date "2022.12.09"]
[Round "3"]
[White "Da Costa, Carlos Henrique Luz"]
[Black "Mesquita, Victor Noronha"]
[Result "0-1"]
[WhiteElo "1565"]
[BlackElo "1172"]
[PlyCount "88"]
[EventDate "2022.12.07"]
[EventType "swiss"]
[EventRounds "9"]
[EventCountry "BRA"]
[SourceTitle "CBM 211 Extra"]
[Source "ChessBase"]
[SourceDate "2023.01.31"]
[SourceVersion "1"]
[SourceVersionDate "2023.01.31"]
[SourceQuality "1"]

1. d4 d5 2. Nf3 Nf6 3. Bf4 e6 4. e3 Be7 5. h3 0-0 6. Bd3 Nbd7 7. Nbd2 c5 8. a4 b6 9. c3 Bb7 10. 0-0 Re8 11. Qc2 h6 12. Rfe1 Rc8 13. Ne5 a6 14. Ndf3 Nxe5 15. Bxe5 Bd6 16. Qe2 c4 17. Bc2 Bxe5 18. Nxe5 Nd7 19. Qh5 Qe7 20. f4 Rc7 21. Rf1 Nf6 22. Qe2 Ne4 23. Rf3 Kh7 24. Raf1 f6 25. Ng4 Rcc8 26. Nf2 f5 27. Nxe4 fxe4 28. Rg3 b5 29. Qe1 Bc6 30. a5 Rb8 31. Qd1 Rec8 32. Qh5 Be8 33. Qd1 b4 34. Ba4 bxc3 35. bxc3 Qc7 36. Bxe8 Rxe8 37. Qh5 Re7 38. Rg6 Qd7 39. g4 Qe8 40. f5 exf5 41. Rg5 Qxh5 42. Rxh5 g6 43. Rh4 Reb7 44. Kh1 Rb1 0-1

[Event "Cinelandia de Andrade Memorial 4th"]
[Site "Cinelandia"]
[Date "2022.08.05"]
[Round "1"]
[White "Da Costa, Carlos Henrique Luz"]
[Black "Beserra, Roberto de Oliveira"]
[Result "0-1"]
[WhiteElo "1560"]
[BlackElo "2032"]
[PlyCount "115"]
[EventDate "2022.08.05"]
[EventType "swiss"]
[EventRounds "5"]
[EventCountry "BRA"]
[SourceTitle "CBM 209 Extra"]
[Source "ChessBase"]
[SourceDate "2022.09.30"]
[SourceVersion "1"]
[SourceVersionDate "2022.09.30"]
[SourceQuality "1"]

1. d4 Nf6 2. Bf4 d5 3. Nf3 e6 4. e3 Bd6 5. Bxd6 Qxd6 6. c3 0-0 7. Bd3 Nc6 8. 0-0 e5 9. dxe5 Nxe5 10. Nxe5 Qxe5 11. Be2 Bd7 12. Nd2 Bc6 13. Nf3 Qd6 14. Qd4 Rfe8 15. Bd3 b6 16. Rad1 Bb7 17. Qh4 Qe7 18. Bc2 c5 19. Ng5 h6 20. Nh3 Rad8 21. Qa4 a6 22. Rfe1 b5 23. Qf4 Qe5 24. Rd3 d4 25. cxd4 cxd4 26. Qxe5 Rxe5 27. Red1 Be4 28. Rxd4 Rxd4 29. exd4 Bxc2 30. dxe5 Bxd1 31. exf6 g5 32. f4 g4 33. Nf2 Be2 34. b4 Kh7 35. Ne4 Kg6 36. Kf2 Bc4 37. Nc5 Kxf6 38. a3 Kf5 39. Ke3 h5 40. Nxa6 h4 41. g3 h3 42. Kd4 Ke6 43. Nc5+ Kd6 44. Ne4+ Ke6 45. Nd2 Be2 46. Ne4 Bf1 47. Kc5 Kf5 48. Nd6+ Ke6 49. Nxb5 Bxb5 50. Kxb5 Kd5 51. a4 Ke4 52. a5 Kf3 53. a6 Kg2 54. a7 Kxh2 55. a8Q Kxg3 56. Qe4 h2 57. Qe3+ Kg2 58. Qg3+ 0-1

[Event "Sao Jose dos Campos op"]
[Site "Sao Jose dos Campos"]
[Date "2021.10.11"]
[Round "5"]
[White "Da Costa, Carlos Henrique Luz"]
[Black "Moyses Sobrinho, Elias"]
[Result "1/2-1/2"]
[WhiteElo "1560"]
[BlackElo "1858"]
[PlyCount "49"]
[EventDate "2021.10.09"]
[EventType "swiss"]
[EventRounds "7"]
[EventCountry "BRA"]
[SourceTitle "CBM 204 Extra"]
[Source "ChessBase"]
[SourceDate "2021.11.30"]
[SourceVersion "1"]
[SourceVersionDate "2021.11.30"]
[SourceQuality "1"]

1. d4 Nf6 2. Bf4 g6 3. Nf3 Bg7 4. h3 c5 5. c3 cxd4 6. cxd4 d5 7. e3 0-0 8. Bd3 Nc6 9. 0-0 Qb6 10. b3 Nb4 11. Nc3 Nxd3 12. Qxd3 Bf5 13. Qb5 Qxb5 14. Nxb5 Bd3 15. Nc7 Bxf1 16. Nxa8 Bxg2 17. Kxg2 Rxa8 18. Rc1 Ne8 19. b4 e6 20. b5 Bf8 21. a4 Bd6 22. Bxd6 Nxd6 23. Rc7 Rd8 24. Ne5 Kf8 25. Nd7+ 1/2-1/2

[Event "Sao Jose dos Campos op"]
[Site "Sao Jose dos Campos"]
[Date "2021.10.09"]
[Round "2"]
[White "Lukjanenko Callegari, Lucca"]
[Black "Da Costa, Carlos Henrique Luz"]
[Result "0-1"]
[WhiteElo "1302"]
[BlackElo "1560"]
[PlyCount "60"]
[EventDate "2021.10.09"]
[EventType "swiss"]
[EventRounds "7"]
[EventCountry "BRA"]
[SourceTitle "CBM 204 Extra"]
[Source "ChessBase"]
[SourceDate "2021.11.30"]
[SourceVersion "1"]
[SourceVersionDate "2021.11.30"]
[SourceQuality "1"]

1. c4 Nf6 2. Nc3 c6 3. e4 d6 4. g3 Nbd7 5. Bg2 g6 6. Nge2 Bg7 7. 0-0 0-0 8. d3 Qc7 9. h3 a5 10. Be3 c5 11. Nb5 Qb6 12. Nec3 Qd8 13. Qe2 Nb6 14. Kh2 Bd7 15. e5 dxe5 16. Bxc5 Rc8 17. Qe3 Na8 18. Bxb7 Rb8 19. Bxa8 Rxa8 20. Bb6 Qc8 21. Rab1 Bxh3 22. f3 Bxf1 23. Rxf1 Qc6 24. Nc7 Rab8 25. N7d5 Nxd5 26. Nxd5 Rb7 27. Bxa5 Rxb2+ 28. Kg1 Qe6 29. Bc7 Qh3 30. Nxe7+ Kh8 0-1

[Event "Sao Paulo op-C U1700 8th"]
[Site "Sao Paulo"]
[Date "2019.10.20"]
[Round "5"]
[White "Oliveira, Olavo Tadeu Carvalh"]
[Black "Da Costa, Carlos Henrique Luz"]
[Result "0-1"]
[WhiteElo "1092"]
[BlackElo "1573"]
[PlyCount "84"]
[EventDate "2019.10.17"]
[EventType "swiss"]
[EventRounds "6"]
[EventCountry "BRA"]
[SourceTitle "CBM 192 Extra"]
[Source "Chessbase"]
[SourceDate "2019.11.06"]
[SourceVersion "1"]
[SourceVersionDate "2019.11.06"]
[SourceQuality "1"]

1. d4 e6 2. Nc3 d5 3. f3 c5 4. e3 cxd4 5. exd4 a6 6. Bf4 Qh4+ 7. Bg3 Qd8 8. Bd3 Nc6 9. Be2 Nf6 10. Bh4 Be7 11. Qd2 b5 12. a3 Na5 13. f4 Nc4 14. Bxc4 bxc4 15. Nf3 Ne4 16. Bxe7 Qxe7 17. Nxe4 dxe4 18. Ne5 Bb7 19. Nxc4 0-0 20. Ne3 Qc7 21. g3 Rab8 22. c3 a5 23. Rb1 Rfc8 24. Qf2 f5 25. Qd2 Ba6 26. Ra1 a4 27. Rg1 Qd8 28. h3 Rb3 29. Ra2 Bd3 30. g4 Qh4+ 31. Qf2 Qxh3 32. gxf5 exf5 33. Rg3 Qh1+ 34. Rg1 Qf3 35. Qxf3 exf3 36. Kd2 Be4 37. Rg5 Bb1 38. Ra1 Rxb2+ 39. Kc1 Rcb8 40. Rg1 Bd3 41. Rd1 Be4 42. Nc4 Rc2# 0-1

[Event "Niteroi op 1st"]
[Site "Niteroi"]
[Date "2019.09.06"]
[Round "4"]
[White "Jorge, Denrick Cabral Jose"]
[Black "Da Costa, Carlos Henrique Luz"]
[Result "1-0"]
[WhiteElo "1866"]
[BlackElo "1558"]
[PlyCount "57"]
[EventDate "2019.09.04"]
[EventType "swiss"]
[EventRounds "7"]
[EventCountry "BRA"]
[SourceTitle "EXT 2020"]
[Source "ChessBase"]
[SourceDate "2019.10.17"]
[SourceVersion "1"]
[SourceVersionDate "2019.10.17"]
[SourceQuality "1"]

1. e4 e6 2. d4 d5 3. Nc3 Nf6 4. Bg5 Be7 5. e5 Nfd7 6. Bxe7 Qxe7 7. f4 a6 8. Nf3 c5 9. dxc5 Qxc5 10. Qd2 b5 11. Bd3 Nc6 12. Ne2 Qb4 13. c3 Qc5 14. Ned4 Nb6 15. b4 Nxb4 16. cxb4 Qe7 17. 0-0 Bd7 18. f5 Nc4 19. Bxc4 bxc4 20. fxe6 fxe6 21. Ng5 c3 22. Qf4 0-0-0 23. Qe3 Qxb4 24. Rfc1 Ba4 25. Rab1 Qa5 26. Qxc3+ Qxc3 27. Rxc3+ Kd7 28. Rb7+ Ke8 29. Nf7 1-0

[Event "BRA-ch Amateur U1600"]
[Site "Sao Paulo"]
[Date "2019.06.21"]
[Round "4"]
[White "Ataide, Gerson Britto"]
[Black "Da Costa, Carlos Henrique Luz"]
[Result "0-1"]
[WhiteElo "1419"]
[BlackElo "1549"]
[PlyCount "46"]
[EventDate "2019.06.20"]
[EventType "swiss"]
[EventRounds "7"]
[EventCountry "BRA"]
[SourceTitle "CBM 195 Extra"]
[Source "ChessBase"]
[SourceDate "2020.05.31"]
[SourceVersion "1"]
[SourceVersionDate "2020.05.31"]
[SourceQuality "1"]

1. d4 d6 2. c4 Nd7 3. Nc3 g6 4. e4 e5 5. Nf3 Bg7 6. Bg5 Ne7 7. Qd2 exd4 8. Nxd4 Ne5 9. Nd5 f6 10. Nxf6+ Bxf6 11. Bxf6 0-0 12. Qg5 Rf7 13. Be2 Qf8 14. Bxe7 Rxe7 15. 0-0 Bd7 16. f4 Nf7 17. Qg3 Rxe4 18. Qc3 Qg7 19. Rad1 Rae8 20. Rf2 c5 21. Nb5 Rxe2 22. Qxg7+ Kxg7 23. Nxd6 Nxd6 0-1

[Event "Rio de Janeiro Cortinhas Memorial 2nd"]
[Site "Rio de Janeiro"]
[Date "2018.05.27"]
[Round "4"]
[White "Da Costa, Carlos Henrique Luz"]
[Black "Diaz, Marcos"]
[Result "1-0"]
[WhiteElo "1520"]
[BlackElo "1712"]
[PlyCount "133"]
[EventDate "2018.05.25"]
[EventType "swiss"]
[EventRounds "5"]
[EventCountry "BRA"]
[SourceTitle "CBM 184 Extra"]
[Source "ChessBase"]
[SourceDate "2018.06.28"]
[SourceVersion "1"]
[SourceVersionDate "2018.06.28"]
[SourceQuality "1"]

1. Nf3 d5 2. d4 Bg4 3. e3 Nd7 4. h3 Bh5 5. Be2 e6 6. Nbd2 Bd6 7. b3 Ngf6 8. Bb2 0-0 9. 0-0 Rc8 10. Ne5 Bg6 11. c4 c6 12. c5 Bb8 13. Ndf3 Ne4 14. b4 Bf5 15. Qe1 a6 16. a4 h6 17. b5 a5 18. b6 f6 19. Nd3 Rf7 20. Nh4 Nf8 21. Nxf5 exf5 22. Qxa5 Re7 23. Bc1 Ne6 24. Ra2 Qe8 25. Qe1 Qg6 26. g3 N4g5 27. Kh2 Rce8 28. Nf4 Nxf4 29. gxf4 Ne6 30. Rg1 Qf7 31. Qd1 Qf8 32. Bh5 Rd8 33. Bg6 Ng5 34. Qh5 Kh8 35. Kh1 Ne4 36. Bxf5 Qf7 37. Bg6 Qe6 38. Bf5 Qf7 39. Qxf7 Rxf7 40. Bg6 Re7 41. a5 Nc3 42. Rc2 Nb5 43. Bb2 Rf8 44. f5 Re4 45. Rg4 Re7 46. Rc1 Rd8 47. Ra1 Kg8 48. a6 bxa6 49. Rxa6 Rb7 50. Rg1 Kf8 51. h4 Rdd7 52. Ra8 Re7 53. Kg2 Re4 54. Kh3 Ree7 55. Bh5 g5 56. fxg6 Kg7 57. Bf3 f5 58. h5 Re8 59. Be2 Nd6 60. cxd6 Rxb6 61. Ba3 f4 62. d7 Rd8 63. Bg4 Bc7 64. Rxd8 Bxd8 65. Bc5 Rb3 66. Re1 Bf6 67. Kg2 1-0

[Event "Rio de Janeiro Cortinhas Memorial 2nd"]
[Site "Rio de Janeiro"]
[Date "2018.05.25"]
[Round "1"]
[White "Da Costa, Carlos Henrique Luz"]
[Black "Rodrigues, Nei Jorge"]
[Result "0-1"]
[WhiteElo "1520"]
[BlackElo "1924"]
[PlyCount "46"]
[EventDate "2018.05.25"]
[EventType "swiss"]
[EventRounds "5"]
[EventCountry "BRA"]
[SourceTitle "CBM 184 Extra"]
[Source "ChessBase"]
[SourceDate "2018.06.28"]
[SourceVersion "1"]
[SourceVersionDate "2018.06.28"]
[SourceQuality "1"]

1. Nf3 c5 2. b3 Nc6 3. Bb2 Nf6 4. e3 d5 5. d4 Bg4 6. Be2 e6 7. 0-0 Qc7 8. Nbd2 Rc8 9. Ne5 Nxe5 10. dxe5 Bxe2 11. Qxe2 Nd7 12. Nf3 Be7 13. c4 0-0 14. Rad1 Nb6 15. cxd5 exd5 16. Rc1 a5 17. Qb5 Qc6 18. Qxc6 Rxc6 19. Ba3 a4 20. Rc3 Ra8 21. Rb1 axb3 22. Rbxb3 c4 23. Bxe7 cxb3 0-1

[Event "Guanabara CC/TTC op 1st"]
[Site "Rio de Janeiro"]
[Date "2018.03.11"]
[Round "5"]
[White "Da Costa, Carlos Henrique Luz"]
[Black "Baeta, Marcio Netto"]
[Result "0-1"]
[WhiteElo "1531"]
[BlackElo "2003"]
[PlyCount "82"]
[EventDate "2018.03.03"]
[EventType "swiss"]
[EventRounds "6"]
[EventCountry "BRA"]
[SourceTitle "EXT 2019"]
[Source "ChessBase"]
[SourceDate "2018.10.10"]
[SourceVersion "1"]
[SourceVersionDate "2018.10.10"]
[SourceQuality "1"]

1. d4 f5 2. Nf3 Nf6 3. Bf4 g6 4. e3 Bg7 5. Nbd2 d6 6. Bc4 e6 7. c3 Nc6 8. Qb3 Na5 9. Qa4+ c6 10. Be2 b5 11. Qb4 Bf8 12. Nb3 Nb7 13. c4 a5 14. Qd2 bxc4 15. Nc1 d5 16. a3 Ne4 17. Qc2 a4 18. Na2 Bg7 19. Nc3 0-0 20. Nxa4 c5 21. Be5 cxd4 22. exd4 Na5 23. 0-0 Nb3 24. Nc3 Bxe5 25. dxe5 Nxa1 26. Rxa1 Qb6 27. Nd1 Bd7 28. Bf1 Ba4 29. Qe2 Rfb8 30. Nd2 Bxd1 31. Rxd1 Qxb2 32. Nxe4 fxe4 33. Qg4 Qxe5 34. g3 Rxa3 35. Qh4 e3 36. f4 e2 37. Re1 Qd4+ 38. Kg2 exf1Q+ 39. Rxf1 Qe4+ 40. Kg1 Ra2 41. Qh3 Rbb2 0-1

[Event "Rio de Janeiro Duchamp op"]
[Site "Rio de Janeiro"]
[Date "2017.11.15"]
[Round "6"]
[White "Da Costa, Carlos Henrique Luz"]
[Black "Leao, Flavio Sanchez"]
[Result "0-1"]
[WhiteElo "1542"]
[BlackElo "1816"]
[PlyCount "64"]
[EventDate "2017.11.11"]
[EventType "swiss"]
[EventRounds "9"]
[EventCountry "BRA"]
[SourceTitle "CBM 181 Extra"]
[Source "ChessBase"]
[SourceDate "2017.12.12"]
[SourceVersion "1"]
[SourceVersionDate "2017.12.12"]
[SourceQuality "1"]

1. d4 Nf6 2. Nf3 e6 3. Bg5 d5 4. e3 Nbd7 5. Bd3 c5 6. c3 Bd6 7. Nbd2 0-0 8. 0-0 e5 9. dxe5 Nxe5 10. Nxe5 Bxe5 11. Nf3 Bc7 12. Qc2 h6 13. Bh4 Bg4 14. Nd2 g5 15. Bg3 Bxg3 16. fxg3 Re8 17. h3 Bd7 18. Rf2 Be6 19. Raf1 Nh5 20. Rf3 Qd6 21. Bh7+ Kg7 22. Rxf7+ Bxf7 23. Rxf7+ Kxf7 24. Qf5+ Kg7 25. g4 Ng3 26. Qd3 Qe6 27. Kh2 c4 28. Qc2 Qd6 29. Kg1 Rxe3 30. Nf3 Rae8 31. Qb1 Qb6 32. Kh2 Rxf3 0-1

[Event "Rio de Janeiro Duchamp op"]
[Site "Rio de Janeiro"]
[Date "2017.11.12"]
[Round "3"]
[White "Torres, Eduardo Lisboa"]
[Black "Da Costa, Carlos Henrique Luz"]
[Result "1-0"]
[WhiteElo "1927"]
[BlackElo "1542"]
[PlyCount "111"]
[EventDate "2017.11.11"]
[EventType "swiss"]
[EventRounds "9"]
[EventCountry "BRA"]
[SourceTitle "EXT 2019"]
[Source "ChessBase"]
[SourceDate "2018.10.10"]
[SourceVersion "1"]
[SourceVersionDate "2018.10.10"]
[SourceQuality "1"]

1. d4 d5 2. c4 c6 3. cxd5 cxd5 4. Bf4 e6 5. Nc3 Bd6 6. Bxd6 Qxd6 7. e3 a6 8. a3 Nf6 9. Bd3 b5 10. Rc1 0-0 11. b4 Bb7 12. f4 Nbd7 13. Nf3 Nb6 14. Ne5 Rac8 15. 0-0 Nc4 16. Nxc4 dxc4 17. Bb1 Nd5 18. Bxh7+ Kxh7 19. Ne4 Qe7 20. Qh5+ Kg8 21. Ng5 Nf6 22. Qh4 Qd7 23. Kh1 Rfe8 24. e4 Bxe4 25. Rc3 Bf5 26. Rg3 c3 27. Nf3 Nh7 28. Ng5 Qe7 29. Qh5 c2 30. Rc1 Rc7 31. Nxh7 Bxh7 32. Rh3 f6 33. Qxh7+ Kf7 34. Rg3 Rg8 35. Rxc2 Rxc2 36. Qg6+ Kf8 37. Qxc2 Qd7 38. Qc5+ Kf7 39. Qh5+ Kf8 40. Rd3 Ke7 41. Qc5+ Qd6 42. f5 Kd7 43. Re3 exf5 44. Qa7+ Kc8 45. Rc3+ Kd8 46. Qa8+ Ke7 47. Qxg8 Qf4 48. Qxg7+ Ke6 49. d5+ Kxd5 50. Qd7+ Ke4 51. Qd3+ Ke5 52. Rc5+ Ke6 53. Qd5+ Ke7 54. Qb7+ Ke6 55. Rc6+ Kd5 56. Qd7+ 1-0